| 000 | | | 04882cbm0a2200337#x 450 |
| 001 | | | ab267ef9-9fbf-4576-bfa6-6226344aaa56 |
| 005 | | | 20210615161212.0 |
| 100 | ## | $a | 20210527j19400417k###0rusy50 ca |
| 101 | 0# | $a | rus |
| 102 | ## | $a | DE |
| 122 | 0# | $a | d19400417## |
| 200 | 1# | $a | Информационное письмо управляющего Генеральным консульством СССР в Данциге М. Е. Коптелова в НКИД СССР об обстановке в Данциге после занятия немецкими войсками Дании и Норвегии |
| | $j | 17 апреля 1940 г. |
| 251 | ## | $c | Документ |
| 300 | ## | $a | Подлинник |
| 461 | #0 | $1 | 2001 |
| | $a | Ф. 082 |
| | $1 | 251 |
| | $c | Фонд |
| | $1 | 852 |
| | $j | 082 |
| 462 | #0 | $1 | 2001 |
| | $a | Оп. 23. П. 104 |
| | $1 | 251 |
| | $c | Опись |
| | $1 | 852 |
| | $j | 23. П. 104 |
| 462 | #0 | $1 | 2001 |
| | $a | Д. 58 |
| | $v | Л. 45-47 |
| | $1 | 251 |
| | $c | Дело |
| | $1 | 852 |
| | $j | 58 |
| 605 | ## | $2 | prlib_sh |
| | $3 | LIBNET\UAF\0000088514 |
| | $a | Вторая мировая война в архивных документах (Комплекс оцифрованных архивных документов, кино- и фотоматериалов) |
| | $l | коллекция |
| 607 | ## | $2 | prlib_sh |
| | $3 | LIBNET\UAF\0000095866 |
| | $a | Данциг, город |
| | $x | Общественно-политическая жизнь |
| | $z | 1940 |
| | $j | Документы и материалы |
| 617 | ## | $2 | prlib_sh |
| | $a | Дания |
| | $f | 1940 |
| 617 | ## | $2 | prlib_sh |
| | $a | Норвегия |
| | $f | 1940 |
| 617 | ## | $2 | prlib_sh |
| | $a | Польша |
| | $f | 1940 |
| 617 | ## | $2 | prlib_sh |
| | $a | Германия |
| | $f | 1940 |
| 686 | ## | $a | 63.3(2)621-6ю11 |
| | $v | LBC/M |
| | $2 | rubbk |
| 686 | ## | $a | 63.3(4)62-55ю11 |
| | $v | LBC/M |
| | $2 | rubbk |
| 801 | #0 | $a | RU |
| | $b | ПБ им. Б.Н. Ельцина |
| | $c | 20210527 |
| 801 | #1 | $a | RU |
| | $b | ПБ им. Б.Н. Ельцина |
| | $c | 20210527 |
| | $2 | rusmarc |
| 801 | #2 | $a | RU |
| | $b | ПБ им. Б.Н. Ельцина |
| | $c | 20210615 |
| | $2 | rusmarc |
| 850 | ## | $a | Архив внешней политики Российской Федерации |
| 852 | ## | $a | АВП РФ |
| | $j | Л. 45-47 |
| 856 | 4# | $n | ПБ им. Б.Н. Ельцина |
| | $u | http://readingroom.main.prlib.ru/item.aspx?id_node=n165217435&mode=full |
| 035 | ## | $a | LIBNET\0001156712 |
| 937 | ## | $d | 165217435 |
| | $h | Федеральное архивное агентство |